000 00269nam a2200121Ia 4500
008 190216s9999||||xx |||||||||||||| ||und||
100 _aVivekanandan G
245 0 _aKanaljalam
260 _bPoorna Pubs Kozhikode
300 _a244
650 _aMalayalam
942 _cBK
999 _c26566
_d26566